Tradigital 3ds Max : (Record no. 18848)

MARC details
000 -LEADER
fixed length control field 00830cam a2200241 a 4500
005 - DATE AND TIME OF LATEST TRANSACTION
control field 20230706095425.0
008 - FIXED-LENGTH DATA ELEMENTS--GENERAL INFORMATION
fixed length control field 110817s2012 maua 001 0 eng
010 ## - LIBRARY OF CONGRESS CONTROL NUMBER
LC control number 2011032054
020 ## - INTERNATIONAL STANDARD BOOK NUMBER
ISBN 9780240817309 (pbk.)
040 ## - CATALOGING SOURCE
Original cataloging agency DLC
Transcribing agency DLC
Modifying agency DLC
042 ## - AUTHENTICATION CODE
Authentication code pcc
050 00 - LIBRARY OF CONGRESS CALL NUMBER
Item number .L376 2011
082 00 - DEWEY DECIMAL CLASSIFICATION NUMBER
Classification number 777.7
Edition number 23
Item number LAP-T
100 1# - MAIN ENTRY--AUTHOR
Author Name Lapidus, Richard.
245 10 - TITLE STATEMENT
Title Tradigital 3ds Max :
Remainder of title a CG animator's guide to applying the classic principles of animation /
Statement of responsibility, etc. Richard Lapidus.
260 ## - PUBLICATION, DISTRIBUTION, ETC.
Place of Publication Waltham, MA :
Name of publisher, distributor, etc. Focal Press,
Date of publication, distribution, etc. c2012.
300 ## - PHYSICAL DESCRIPTION
Pages xiii, 277 p. :
500 ## - GENERAL NOTE
General note Includes index.
650 #0 - SUBJECT ADDED ENTRY--TOPICAL TERM
Subject / Department Computer animation.
300 ## - PHYSICAL DESCRIPTION
-- col. ill. ;
-- 25 cm.
906 ## - LOCAL DATA ELEMENT F, LDF (RLIN)
a 7
b cbc
c orignew
d 1
e ecip
f 20
g y-gencatlg
952 ## - LOCATION AND ITEM INFORMATION (KOHA)
-- 0
-- 0
Holdings
Lost status Damaged status Permanent Location Current Location Shelving Location Date acquired Full Call Number Accession No./Barcode Date last seen item type
    Superior Information Resource Center (SIRC) Superior University- Gold Campus Superior Information Resource Center (SIRC) Superior University- Gold Campus Computer Science 07/06/2023 777.7 LAP-T 2011 19407 07/06/2023 BOOK

Powered by Koha